[Event "WIECC 2009"]
[Site "St. Petersburg RUS"]
[Date "2009.03.12"]
[Round "5.42"]
[White "Kadziolka, Beata"]
[Black "Cedikova, Katerina"]
[Result "1-0"]
[WhiteElo "2295"]
[BlackElo "2150"]
[PlyCount "97"]
[EventDate "2009.??.??"]

1. d4 Nf6 2. c4 g6 3. Nc3 Bg7 4. e4 d6 5. Nf3 O-O 6. h3 e5 7. d5 a5 8. Bg5 Na6
9. Be2 Qe8 10. Nd2 Nd7 11. a3 f6 12. Bh4 Nb6 13. b3 f5 14. O-O Bh6 15. f3 Nc5
16. Ra2 Bd7 17. Bf2 Qe7 18. b4 Nba4 19. Nxa4 Nxa4 20. Rc2 axb4 21. axb4 b6 22.
Kh1 Qg5 23. Qe1 Qe7 24. Bd3 Kh8 25. Nb3 fxe4 26. Bxe4 b5 27. c5 Bf5 28. cxd6
cxd6 29. Bxf5 gxf5 30. Nd4 Qb7 31. Ne6 Rfc8 32. Qd1 Rc4 33. Qd3 Rxc2 34. Qxc2
Qf7 35. Qc6 Rg8 36. Qxd6 Qf6 37. Qc6 Qg6 38. Rg1 Re8 39. Qxb5 Nc3 40. Qc4 Nxd5
41. Qxd5 Rxe6 42. b5 e4 43. fxe4 fxe4 44. Bd4+ Bg7 45. b6 Bxd4 46. Qxd4+ Kg8
47. b7 Re8 48. Qd5+ Kg7 49. b8=Q 1-0

[Event "WIECC 2009"]
[Site "St. Petersburg RUS"]
[Date "2009.03.13"]
[Round "6.6"]
[White "Rajlich, Iweta"]
[Black "Kovalevskaya, Ekaterina"]
[Result "1/2-1/2"]
[WhiteElo "2399"]
[BlackElo "2442"]
[PlyCount "41"]
[EventDate "2009.??.??"]

1. d4 Nf6 2. c4 e6 3. Nc3 Bb4 4. Qc2 O-O 5. Nf3 d6 6. g3 e5 7. Bg2 Nc6 8. d5
Ne7 9. O-O Bxc3 10. Qxc3 b5 11. b3 Rb8 12. Nh4 bxc4 13. bxc4 Nf5 14. Nxf5 Bxf5
15. Bg5 Qd7 16. Bxf6 gxf6 17. f4 Bh3 18. f5 Bxg2 19. Kxg2 Qa4 20. Rfc1 h6 21.
Rc2 1/2-1/2

[Event "WIECC 2009"]
[Site "St. Petersburg RUS"]
[Date "2009.03.13"]
[Round "6.8"]
[White "Zawadzka, Jolanta"]
[Black "Ushenina, Anna"]
[Result "1/2-1/2"]
[WhiteElo "2385"]
[BlackElo "2499"]
[PlyCount "38"]
[EventDate "2009.??.??"]

1. e4 c6 2. d4 d5 3. e5 Bf5 4. Nd2 e6 5. Nb3 a5 6. a4 Na6 7. c3 Be7 8. Nf3 Bg6
9. Be2 Nh6 10. O-O O-O 11. h3 Nf5 12. g4 Nh6 13. Bxh6 gxh6 14. Qd2 Qb6 15. Nc1
c5 16. Nd3 cxd4 17. Nxd4 Nc5 18. Nxc5 Bxc5 19. Bb5 Rac8 1/2-1/2

[Event "WIECC 2009"]
[Site "St. Petersburg RUS"]
[Date "2009.03.13"]
[Round "6.15"]
[White "Majdan, Joanna"]
[Black "Shadrina, Tatiana"]
[Result "0-1"]
[WhiteElo "2351"]
[BlackElo "2416"]
[PlyCount "84"]
[EventDate "2009.??.??"]

1. e4 e5 2. Nf3 Nc6 3. Bb5 a6 4. Ba4 Nf6 5. O-O Be7 6. Re1 b5 7. Bb3 O-O 8. a4
Bb7 9. d3 d6 10. Nbd2 Na5 11. Ba2 c5 12. Nf1 b4 13. Bd2 Rb8 14. Ne3 Bc8 15. Nc4
Nxc4 16. Bxc4 a5 17. c3 Nd7 18. d4 cxd4 19. cxd4 Bf6 20. Be3 Nb6 21. Bf1 Bg4
22. d5 Nd7 23. Bb5 Rc8 24. h3 Bxf3 25. Qxf3 Nc5 26. Bc6 Nd7 27. Qe2 Nc5 28. Qc4
Be7 29. Rad1 Nxa4 30. Qa6 Nc5 31. Bxc5 dxc5 32. d6 Bg5 33. Rd5 c4 34. Qxc4 Qb6
35. Rc5 Rfd8 36. Rd1 h6 37. Rd3 Bf6 38. b3 Bh4 39. Rf3 Rxd6 40. Qxf7+ Kh8 41.
Qc4 Be7 42. Rxe5 Rdxc6 0-1

[Event "WIECC 2009"]
[Site "St. Petersburg RUS"]
[Date "2009.03.13"]
[Round "6.27"]
[White "Makropoulou, Marina"]
[Black "Dworakowska, Joanna"]
[Result "0-1"]
[WhiteElo "2262"]
[BlackElo "2352"]
[PlyCount "70"]
[EventDate "2009.??.??"]

1. e4 c5 2. Nf3 d6 3. d4 cxd4 4. Nxd4 Nf6 5. Nc3 a6 6. Bg5 e6 7. f4 Qc7 8. Qf3
b5 9. f5 b4 10. Ncb5 axb5 11. Bxb5+ Bd7 12. fxe6 Bxb5 13. Nxb5 Qc5 14. Bxf6
fxe6 15. Rf1 Qxb5 16. Bxg7 Bxg7 17. Qf7+ Kd8 18. Qxg7 Re8 19. O-O-O Nd7 20. Rf7
Kc7 21. Qd4 Qc6 22. Kb1 Ra4 23. b3 Rxa2 24. Qxd6+ Qxd6 25. Rxd6 Kxd6 26. Kxa2
Nc5 27. Rxh7 Nxe4 28. Kb2 Nc3 29. g4 e5 30. Rb7 Kc5 31. Rc7+ Kb6 32. Rf7 e4 33.
Kc1 e3 34. Rf6+ Kc7 35. Rf7+ Kb8 0-1

[Event "WIECC 2009"]
[Site "St. Petersburg RUS"]
[Date "2009.03.14"]
[Round "7.4"]
[White "Dzagnidze, Nana"]
[Black "Rajlich, Iweta"]
[Result "0-1"]
[WhiteElo "2518"]
[BlackElo "2399"]
[PlyCount "164"]
[EventDate "2009.??.??"]

1. d4 Nf6 2. c4 g6 3. Nc3 Bg7 4. Bg5 h6 5. Bh4 c5 6. d5 Qa5 7. Qd2 a6 8. e3 b5
9. cxb5 Bb7 10. Bxf6 Bxf6 11. a4 O-O 12. Ra3 d6 13. Nf3 Nd7 14. bxa6 Bxa6 15.
Bxa6 Rxa6 16. O-O Qb4 17. Rfa1 Nb6 18. Qc2 c4 19. a5 Nd7 20. Ra4 Qb3 21. Qxb3
cxb3 22. Nd4 Nc5 23. Rb4 Rfa8 24. Nc6 e6 25. e4 Bxc3 26. bxc3 f5 27. f3 fxe4
28. fxe4 exd5 29. exd5 Re8 30. Rf1 Raa8 31. h4 Kg7 32. Nd4 Rxa5 33. Nxb3 Nxb3
34. Rxb3 Re7 35. c4 Ra4 36. Rf4 g5 37. Rd4 Kf6 38. Rf3+ Kg6 39. Kh2 Rc7 40.
hxg5 hxg5 41. Re4 Rcxc4 42. Re6+ Kh5 43. Rxd6 Rh4+ 44. Kg1 Ra1+ 45. Rf1 Rh1+
46. Kxh1 Rxf1+ 47. Kh2 Kg4 48. Rd8 Rd1 49. d6 Rd2 50. Kg1 Kg3 51. Kf1 g4 52. d7
Rf2+ 53. Ke1 Rf7 54. Ke2 Kxg2 55. Ke3 g3 56. Ke4 Kf2 57. Ke5 g2 58. Ke6 Rxd7
59. Rxd7 g1=Q 60. Rd5 Qg6+ 61. Ke5 Ke3 62. Rc5 Qe4+ 63. Kd6 Kd4 64. Rb5 Qg6+
65. Kc7 Qe8 66. Kb6 Kc4 67. Rc5+ Kb4 68. Rc7 Qb5+ 69. Ka7 Ka5 70. Ka8 Qd5+ 71.
Ka7 Qd4+ 72. Kb7 Qe4+ 73. Ka7 Qd5 74. Rh7 Qd4+ 75. Kb8 Qe5+ 76. Ka7 Qe3+ 77.
Kb8 Kb6 78. Rb7+ Ka6 79. Rd7 Qc5 80. Rh7 Qe5+ 81. Kc8 Qf5+ 82. Rd7 Kb6 0-1

[Event "WIECC 2009"]
[Site "St. Petersburg RUS"]
[Date "2009.03.14"]
[Round "7.28"]
[White "Wagener, Anna"]
[Black "Majdan, Joanna"]
[Result "0-1"]
[WhiteElo "2255"]
[BlackElo "2351"]
[PlyCount "84"]
[EventDate "2009.??.??"]

1. e4 c5 2. Nf3 d6 3. d4 cxd4 4. Nxd4 Nf6 5. Nc3 Bd7 6. h3 e5 7. Nde2 Bc6 8.
Bg5 Nbd7 9. Nd5 Bxd5 10. exd5 Qa5+ 11. Nc3 Ne4 12. Bd2 Nxd2 13. Qxd2 a6 14. Be2
Be7 15. O-O O-O 16. Ne4 Qb6 17. c4 f5 18. Nc3 a5 19. Rab1 h6 20. b3 Bg5 21. Qc2
e4 22. a3 Bf6 23. Nb5 Rac8 24. Qd2 Be5 25. b4 axb4 26. axb4 Kh8 27. Rb3 Ra8 28.
Rc1 f4 29. Qc2 f3 30. gxf3 Qd8 31. fxe4 Qg5+ 32. Kf1 Bf4 33. Re1 Bd2 34. Rd1
Be3 35. Rxe3 Qxe3 36. Bg4 Ne5 37. Bf5 Rxf5 38. exf5 Qxh3+ 39. Ke2 Qf3+ 40. Kf1
Ng4 41. Kg1 Re8 42. Nd4 Qh3 0-1

[Event "WIECC 2009"]
[Site "St. Petersburg RUS"]
[Date "2009.03.14"]
[Round "7.33"]
[White "Kadziolka, Beata"]
[Black "Kostiukova, Liubov"]
[Result "1-0"]
[WhiteElo "2295"]
[BlackElo "2235"]
[PlyCount "77"]
[EventDate "2009.??.??"]

1. d4 Nf6 2. c4 g6 3. Nc3 Bg7 4. e4 d6 5. Nf3 O-O 6. Be2 e5 7. O-O Nc6 8. d5
Ne7 9. b4 Nh5 10. c5 Nf4 11. Bxf4 exf4 12. Rc1 f5 13. e5 dxe5 14. d6 cxd6 15.
cxd6 Nc6 16. Qd5+ Kh8 17. b5 Nb8 18. Nxe5 Qe8 19. Nf3 Nd7 20. Rfe1 Nf6 21. Qd2
Ne4 22. Nxe4 fxe4 23. Bd3 Bf5 24. Bxe4 Bxe4 25. Rc4 Rd8 26. Rcxe4 Qxb5 27. Rxf4
Rxf4 28. Qxf4 Qd5 29. h4 h6 30. Ne5 Kh7 31. Nf7 Rf8 32. Re7 Kg8 33. d7 g5 34.
Qd6 Qxd6 35. Nxd6 Bf6 36. Re8 gxh4 37. Nxb7 Kf7 38. Rxf8+ Kxf8 39. d8=Q+ 1-0

[Event "WIECC 2009"]
[Site "St. Petersburg RUS"]
[Date "2009.03.16"]
[Round "8.3"]
[White "Socko, Monika"]
[Black "Shadrina, Tatiana"]
[Result "1/2-1/2"]
[WhiteElo "2449"]
[BlackElo "2416"]
[PlyCount "97"]
[EventDate "2009.??.??"]

1. e4 e5 2. Nf3 Nc6 3. Bb5 a6 4. Bxc6 dxc6 5. O-O f6 6. d4 exd4 7. Nxd4 c5 8.
Ne2 Qxd1 9. Rxd1 Bd7 10. Nbc3 Ne7 11. Bf4 O-O-O 12. Rd2 Bc6 13. Rxd8+ Kxd8 14.
Bg3 g5 15. f3 Bg7 16. Bf2 b6 17. Ng3 h5 18. Be3 h4 19. Nge2 Re8 20. Kf2 Kc8 21.
Rd1 Ng6 22. Nd5 Re5 23. c4 f5 24. Bxg5 fxe4 25. f4 Re8 26. b3 Bd7 27. h3 a5 28.
a4 Be6 29. Ke3 Bf5 30. Nf6 Rf8 31. Nh5 Bb2 32. Rb1 Bh8 33. Rh1 Rf7 34. g4 hxg3
35. Nhxg3 Bd4+ 36. Nxd4 cxd4+ 37. Kxd4 Rd7+ 38. Ke3 Rd3+ 39. Kf2 Rf3+ 40. Kg2
Bd7 41. Nxe4 Rxb3 42. h4 Rb2+ 43. Kf3 Rb3+ 44. Kf2 Rb2+ 45. Ke3 Rb3+ 46. Kf2
Rb2+ 47. Ke3 Rb3+ 48. Kd2 Bc6 49. Re1 1/2-1/2

[Event "WIECC 2009"]
[Site "St. Petersburg RUS"]
[Date "2009.03.16"]
[Round "8.6"]
[White "Rajlich, Iweta"]
[Black "Khurtsidze, Nino"]
[Result "1-0"]
[WhiteElo "2399"]
[BlackElo "2421"]
[PlyCount "79"]
[EventDate "2009.??.??"]

1. d4 d6 2. Nf3 g6 3. e4 Bg7 4. c3 Nd7 5. Bc4 e6 6. Bg5 Ne7 7. Qe2 h6 8. Bf4 a6
9. Nbd2 b5 10. Bb3 Nb6 11. e5 Ned5 12. Bg3 O-O 13. a4 Nxa4 14. Bxa4 bxa4 15.
O-O f5 16. exf6 Qxf6 17. Rxa4 Rb8 18. Ne4 Qf7 19. Re1 Nf4 20. Bxf4 Qxf4 21. Ng3
Kh8 22. Qc2 Qf6 23. Re3 Bb7 24. Rc4 Rbc8 25. Qe2 Rfe8 26. Rb4 Rb8 27. Ne4 Qf7
28. c4 Bc6 29. Rxb8 Rxb8 30. Nc3 Bd7 31. h3 Qf5 32. Re4 Qa5 33. Kh2 Qa1 34. Nh4
Qxb2 35. Nxg6+ Kg8 36. Qf3 Re8 37. Rf4 Qc2 38. Ne4 Kh7 39. Rf7 Kxg6 40. Rxd7
1-0

[Event "WIECC 2009"]
[Site "St. Petersburg RUS"]
[Date "2009.03.16"]
[Round "8.9"]
[White "Dworakowska, Joanna"]
[Black "Paehtz, Elisabeth"]
[Result "1-0"]
[WhiteElo "2352"]
[BlackElo "2455"]
[PlyCount "117"]
[EventDate "2009.??.??"]

1. e4 e6 2. d4 d5 3. Nc3 Nf6 4. e5 Nfd7 5. f4 c5 6. Nf3 Nc6 7. Be3 Be7 8. dxc5
Bxc5 9. Qd2 Qa5 10. Be2 O-O 11. O-O Qb6 12. Nd1 a5 13. a4 f6 14. exf6 Nxf6 15.
Kh1 Ne4 16. Qc1 Ne7 17. Bxc5 Qxc5 18. Ne5 Nf5 19. Ra3 b6 20. Rh3 Nd4 21. Bd3
Nf5 22. Ne3 Ra7 23. Qe1 Rc7 24. c3 Bb7 25. N3g4 Qe7 26. Nf3 Nc5 27. Bb5 d4 28.
Nxd4 Be4 29. Ne5 Bd5 30. Nxf5 exf5 31. Qd1 Bf7 32. Qe2 Ne4 33. Rd1 Be6 34. Rd4
Qc5 35. Rhd3 Rcc8 36. h3 Rc7 37. Kh2 Qe7 38. Qf3 Nc5 39. Rd1 Rcc8 40. Bc4 Bxc4
41. Nxc4 Qe6 42. Nd6 Rc7 43. Rd5 Nxa4 44. Re5 Qb3 45. Rxf5 Rd8 46. Rd4 Nc5 47.
Rfd5 Rcd7 48. Qe2 h6 49. Qe5 Rf8 50. f5 Kh7 51. Rg4 Nb7 52. Rb5 Qd1 53. Nc4 Nc5
54. Nxb6 Nd3 55. Qg3 Re7 56. f6 Rxf6 57. Rd4 Rg6 58. Qxd3 Re2 59. Qxg6+ 1-0

[Event "WIECC 2009"]
[Site "St. Petersburg RUS"]
[Date "2009.03.16"]
[Round "8.18"]
[White "Muzychuk, Mariya"]
[Black "Kadziolka, Beata"]
[Result "1-0"]
[WhiteElo "2427"]
[BlackElo "2295"]
[PlyCount "81"]
[EventDate "2009.??.??"]

1. e4 c5 2. c4 Nc6 3. Ne2 Nf6 4. Nbc3 e6 5. d4 cxd4 6. Nxd4 Bb4 7. Nxc6 bxc6 8.
Bd3 e5 9. O-O O-O 10. f4 Bc5+ 11. Kh1 d6 12. f5 Rb8 13. Rb1 d5 14. cxd5 cxd5
15. Bg5 dxe4 16. Bxf6 Qxf6 17. Nxe4 Qb6 18. Qh5 f6 19. Rf3 Be3 20. Rh3 Bh6 21.
Bc4+ Kh8 22. Rd1 Ba6 23. Rb3 Qc6 24. Bd5 Qc7 25. Rc3 Qe7 26. Nc5 Bb5 27. a4
Rfc8 28. axb5 Rxc5 29. Bc6 Rxc3 30. bxc3 Rd8 31. h3 Rxd1+ 32. Qxd1 g6 33. Qd3
Kg7 34. Be4 gxf5 35. Bxf5 Kg8 36. c4 Bf8 37. Qg3+ Qg7 38. Qh4 Bc5 39. Qe4 Bd4
40. Be6+ Kf8 41. Qa8+ 1-0

[Event "WIECC 2009"]
[Site "St. Petersburg RUS"]
[Date "2009.03.16"]
[Round "8.20"]
[White "Zawadzka, Jolanta"]
[Black "Sorokina, Anastasia"]
[Result "1-0"]
[WhiteElo "2385"]
[BlackElo "2087"]
[PlyCount "77"]
[EventDate "2009.??.??"]

1. e4 c5 2. Nf3 d6 3. d4 cxd4 4. Nxd4 Nf6 5. Nc3 e5 6. Nf3 Be6 7. Bg5 Nbd7 8.
Be2 Be7 9. Qd2 a6 10. a4 Rc8 11. O-O O-O 12. Rfe1 Qb6 13. Rab1 Qc6 14. Bf1 Nc5
15. a5 Rfe8 16. Bxf6 Bxf6 17. Rbd1 Na4 18. Nxa4 Qxa4 19. b3 Qa2 20. Bd3 h6 21.
Qb4 d5 22. Ra1 Qb2 23. Qxb7 Rb8 24. Qxa6 Be7 25. Qc6 Rec8 26. Rab1 Qa3 27. Qa4
Qxa4 28. bxa4 Bb4 29. Red1 dxe4 30. Bxe4 f5 31. Bd5 Bxd5 32. Rxd5 Rxc2 33. g3
e4 34. Ne5 Rc7 35. Nd7 Rbb7 36. a6 Ra7 37. Rxb4 Rxd7 38. Rxd7 Rxd7 39. Rb7 1-0

[Event "WIECC 2009"]
[Site "St. Petersburg RUS"]
[Date "2009.03.17"]
[Round "9.4"]
[White "Bodnaruk, Anastasia"]
[Black "Socko, Monika"]
[Result "0-1"]
[WhiteElo "2384"]
[BlackElo "2449"]
[PlyCount "78"]
[EventDate "2009.??.??"]

1. e4 e5 2. Nf3 Nf6 3. d4 Nxe4 4. dxe5 Bc5 5. Bc4 Nxf2 6. Bxf7+ Kf8 7. Qd5 Nxh1
8. Qxc5+ Kxf7 9. Qc4+ Ke8 10. Nc3 d5 11. exd6 Qxd6 12. Nb5 Qe7+ 13. Kf1 Na6 14.
Bg5 Qf7 15. Qa4 Kf8 16. Kg1 Be6 17. Rf1 Kg8 18. Ne5 Qe8 19. Kxh1 Bd5 20. Re1 h6
21. Bh4 Kh7 22. c4 Rf8 23. Qc2+ Kg8 24. Qd3 Nb4 25. Qg3 Qh5 26. Be7 Qe2 27.
Bxf8 Rxf8 28. Nf3 Qxc4 29. Nxc7 Bxf3 30. gxf3 Qc6 31. Kg2 Nd3 32. Re4 Qc2+ 33.
Kf1 Qc1+ 34. Kg2 Qxb2+ 35. Kf1 Qc1+ 36. Kg2 Nf4+ 37. Rxf4 Qxf4 38. Ne6 Qxg3+
39. hxg3 Rf6 0-1

[Event "WIECC 2009"]
[Site "St. Petersburg RUS"]
[Date "2009.03.17"]
[Round "9.5"]
[White "Kovalevskaya, Ekaterina"]
[Black "Dworakowska, Joanna"]
[Result "1-0"]
[WhiteElo "2442"]
[BlackElo "2352"]
[PlyCount "139"]
[EventDate "2009.??.??"]

1. c4 Nf6 2. Nf3 g6 3. g3 Bg7 4. Bg2 O-O 5. O-O d6 6. d4 Nc6 7. Nc3 Rb8 8. Bf4
Nh5 9. Be3 a6 10. Qd2 e6 11. Bh6 b5 12. Bxg7 Kxg7 13. d5 Ne7 14. dxe6 fxe6 15.
b3 Kg8 16. Rad1 Nf6 17. Ng5 Qe8 18. e4 Nc6 19. f4 b4 20. Ne2 a5 21. c5 h6 22.
Nh3 Ba6 23. cxd6 cxd6 24. Rde1 Rd8 25. f5 Ng4 26. Nf2 Nxf2 27. Rxf2 Bxe2 28.
Rexe2 Kg7 29. f6+ Kh7 30. g4 Ne5 31. g5 h5 32. Rf1 Qd7 33. Qd4 Qc7 34. Rd1 Kg8
35. Red2 Nf7 36. h4 Rc8 37. Bh3 Rfe8 38. Kg2 Qb7 39. Qe3 Rc6 40. Qe2 Qc7 41.
Qf2 Ne5 42. f7+ Qxf7 43. Rxd6 Qxf2+ 44. Kxf2 Rf8+ 45. Kg2 Rc2+ 46. R1d2 Rxd2+
47. Rxd2 Rf4 48. Bxe6+ Kg7 49. Rd4 Kf8 50. Bc8 Rxh4 51. Kg3 Rh1 52. Rd5 Nf7 53.
Be6 Rg1+ 54. Kf2 Rc1 55. Rxa5 Nd6 56. Bd5 h4 57. Ra8+ Kg7 58. Ra7+ Kh8 59. Kg2
Re1 60. Re7 Nf5 61. Re8+ Kh7 62. Kf2 Rd1 63. Bg8+ Kg7 64. exf5 gxf5 65. Bc4 h3
66. Rg8+ Kh7 67. Bf7 h2 68. g6+ Kh6 69. Rh8+ Kg5 70. g7 1-0

[Event "WIECC 2009"]
[Site "St. Petersburg RUS"]
[Date "2009.03.17"]
[Round "9.11"]
[White "Ushenina, Anna"]
[Black "Majdan, Joanna"]
[Result "1/2-1/2"]
[WhiteElo "2499"]
[BlackElo "2351"]
[PlyCount "146"]
[EventDate "2009.??.??"]

1. d4 f5 2. g3 Nf6 3. Bg2 g6 4. c3 Bg7 5. Qb3 Nc6 6. Nf3 e6 7. O-O Ne4 8. Nfd2
d5 9. Nxe4 fxe4 10. f3 exf3 11. Bxf3 O-O 12. Nd2 a5 13. e4 a4 14. Qc2 Ne7 15.
Bg2 Rxf1+ 16. Nxf1 c5 17. dxc5 d4 18. Bf4 e5 19. Bg5 h6 20. Bd2 Be6 21. Kh1 Nc6
22. Qd3 Qf8 23. cxd4 exd4 24. Rc1 Bxa2 25. Bf4 Be6 26. Nd2 g5 27. Bd6 Qf2 28.
Nc4 Nb4 29. Qd1 Bxc4 30. Rxc4 Qxb2 31. c6 Nxc6 32. e5 a3 33. Bd5+ Kh8 34. Rc2
Qb5 35. Bc4 Qb6 36. Qe2 d3 37. Bxd3 Qd4 38. Ra2 Nxe5 39. Bxe5 Qxe5 40. Qf3 Rd8
41. Rxa3 Qe1+ 42. Kg2 Rf8 43. Qe2 Qxe2+ 44. Bxe2 Bd4 45. Bf3 Rf7 46. Rd3 Bc5
47. Rd5 b6 48. h4 gxh4 49. gxh4 Kg7 50. h5 Kf6 51. Bg4 Rg7 52. Kf3 Rg5 53. Rxg5
Kxg5 54. Bd7 Kxh5 55. Kg2 Bd4 56. Kh1 Kg5 57. Kh2 Kf4 58. Kh1 Kg3 59. Bc6 h5
60. Bb5 h4 61. Bc6 h3 62. Bb5 Be5 63. Bd7 h2 64. Bb5 Kf2 65. Bc6 Ke3 66. Bd7
Kd3 67. Bc6 Kc4 68. Bd7 b5 69. Bxb5+ Kxb5 70. Kg2 Kc4 71. Kh1 Kd3 72. Kg2 Ke2
73. Kh1 Kf2 1/2-1/2

[Event "WIECC 2009"]
[Site "St. Petersburg RUS"]
[Date "2009.03.17"]
[Round "9.13"]
[White "Zawadzka, Jolanta"]
[Black "Lahno, Kateryna"]
[Result "1/2-1/2"]
[WhiteElo "2385"]
[BlackElo "2488"]
[PlyCount "65"]
[EventDate "2009.??.??"]

1. e4 e5 2. Nf3 Nc6 3. d4 exd4 4. Nxd4 Bc5 5. Be3 Qf6 6. c3 Nge7 7. Bc4 b6 8.
O-O Bb7 9. Nb5 O-O-O 10. Bxc5 bxc5 11. Bd5 Nxd5 12. exd5 Ne7 13. c4 c6 14. N5c3
cxd5 15. cxd5 Qd4 16. Na3 Nxd5 17. Qxd4 cxd4 18. Nxd5 Bxd5 19. Rfd1 Bc6 20.
Rxd4 Rhe8 21. b4 a6 22. Nc4 Kc7 23. Ne3 Re5 24. Rc1 Rde8 25. a3 g6 26. h4 Re4
27. Rcc4 Rxd4 28. Rxd4 Re6 29. Kf1 Kb6 30. Nc4+ Kc7 31. Ne3 Kb6 32. Nc4+ Kc7
33. Ne3 1/2-1/2

[Event "WIECC 2009"]
[Site "St. Petersburg RUS"]
[Date "2009.03.17"]
[Round "9.22"]
[White "Zhukova, Natalia"]
[Black "Kadziolka, Beata"]
[Result "1-0"]
[WhiteElo "2490"]
[BlackElo "2295"]
[PlyCount "73"]
[EventDate "2009.??.??"]

1. d4 Nf6 2. c4 c5 3. d5 b5 4. cxb5 a6 5. e3 g6 6. Nc3 Bg7 7. a4 O-O 8. e4 d6
9. Nf3 Nbd7 10. Bd2 Ne8 11. Be2 Nc7 12. O-O axb5 13. axb5 Bb7 14. Qb3 Nb6 15.
Na4 Nxa4 16. Rxa4 Rxa4 17. Qxa4 Bxb2 18. b6 Na8 19. Rb1 Bg7 20. Qa7 Qb8 21. Bg5
Bf6 22. Bf4 Bg7 23. h3 f5 24. Ng5 fxe4 25. Ne6 Rc8 26. Nxg7 Kxg7 27. Qa1+ Kf7
28. Bg4 Bxd5 29. Bxc8 Qxc8 30. Bh6 Ke6 31. Qg7 Bb7 32. Qxh7 Qc6 33. Qxg6+ Kd7
34. Qf5+ Kd8 35. Qf8+ Qe8 36. Qxe8+ Kxe8 37. h4 1-0

[Event "WIECC 2009"]
[Site "St. Petersburg RUS"]
[Date "2009.03.18"]
[Round "10.2"]
[White "Rajlich, Iweta"]
[Black "Mkrtchian, Lilit"]
[Result "1/2-1/2"]
[WhiteElo "2399"]
[BlackElo "2460"]
[PlyCount "43"]
[EventDate "2009.??.??"]

1. d4 d5 2. c4 e6 3. Nc3 Nf6 4. cxd5 exd5 5. Bg5 Be7 6. e3 Nbd7 7. Nf3 O-O 8.
Bd3 c6 9. Qc2 Re8 10. O-O Nf8 11. h3 g6 12. Bf4 Nh5 13. Bh2 Bd6 14. Rae1 Bxh2+
15. Nxh2 Ng7 16. g4 Be6 17. f4 f5 18. Qg2 Nd7 19. Nf3 Nf6 20. Ne5 Nd7 21. Nf3
Nf6 22. Ne5 1/2-1/2

[Event "WIECC 2009"]
[Site "St. Petersburg RUS"]
[Date "2009.03.18"]
[Round "10.3"]
[White "Socko, Monika"]
[Black "Lomineishvili, Maia"]
[Result "1/2-1/2"]
[WhiteElo "2449"]
[BlackElo "2437"]
[PlyCount "28"]
[EventDate "2009.??.??"]

1. e4 c5 2. Nf3 d6 3. d4 cxd4 4. Nxd4 Nf6 5. Nc3 Nc6 6. Be2 e5 7. Nf3 h6 8. O-O
Be7 9. Re1 O-O 10. Bc4 Be6 11. Nd5 Rc8 12. c3 Na5 13. Nxe7+ Qxe7 14. Bxe6 Qxe6
1/2-1/2

[Event "WIECC 2009"]
[Site "St. Petersburg RUS"]
[Date "2009.03.18"]
[Round "10.8"]
[White "Muzychuk, Anna"]
[Black "Zawadzka, Jolanta"]
[Result "1/2-1/2"]
[WhiteElo "2540"]
[BlackElo "2385"]
[PlyCount "86"]
[EventDate "2009.??.??"]

1. e4 e5 2. Nf3 Nc6 3. d4 exd4 4. Nxd4 Nf6 5. Nxc6 bxc6 6. e5 Qe7 7. Qe2 Nd5 8.
c4 Nb6 9. Nc3 a5 10. Qe4 g6 11. Bd3 Bg7 12. O-O O-O 13. Re1 Ba6 14. Bf4 Rfe8
15. Rac1 Qb4 16. b3 d5 17. Qf3 Nd7 18. Qg3 Nc5 19. Bf1 Rad8 20. cxd5 Bxf1 21.
Kxf1 cxd5 22. Bg5 Rd7 23. Bf6 d4 24. Bxg7 Kxg7 25. Ne4 Nxe4 26. Rxe4 Qd2 27.
Rce1 Qxa2 28. e6 fxe6 29. Rxe6 Rxe6 30. Rxe6 Qb1+ 31. Re1 Qf5 32. Qe5+ Qf6 33.
Qxa5 d3 34. Qd2 c5 35. f3 h5 36. Re4 Kh7 37. h3 Qb6 38. Rc4 Qxb3 39. Rxc5 Qa3
40. Rc1 Qd6 41. Rd1 Qd4 42. Qf2 Qc3 43. Qd2 Qd4 1/2-1/2

[Event "WIECC 2009"]
[Site "St. Petersburg RUS"]
[Date "2009.03.18"]
[Round "10.10"]
[White "Lahno, Kateryna"]
[Black "Dworakowska, Joanna"]
[Result "1/2-1/2"]
[WhiteElo "2488"]
[BlackElo "2352"]
[PlyCount "119"]
[EventDate "2009.??.??"]

1. e4 c5 2. Nf3 d6 3. d4 cxd4 4. Nxd4 Nf6 5. Nc3 Bd7 6. Bg5 e6 7. Qd2 a6 8. f3
b5 9. a4 bxa4 10. Nxa4 Be7 11. Be3 O-O 12. Nc3 d5 13. exd5 exd5 14. Bd3 a5 15.
O-O Na6 16. Nce2 Nc5 17. Bf5 a4 18. Ng3 g6 19. Bh6 Re8 20. Bxd7 Qxd7 21. Ngf5
Bd8 22. Ng7 Re5 23. Qf4 Qc7 24. Qg3 Nfd7 25. Ngf5 Qb6 26. Kh1 Ne6 27. Nxe6 Qxe6
28. Nd4 Qb6 29. c3 Rh5 30. Be3 Bh4 31. Qh3 Bg5 32. Qxd7 Bxe3 33. Rxa4 Rd8 34.
Qe7 Qb8 35. f4 Re8 36. Qf6 Bxd4 37. Rxd4 Re6 38. Rb4 Qe8 39. Qd4 Re1 40. Qf2
Re2 41. Rb8 Qxb8 42. Qxe2 Rf5 43. g3 h5 44. Re1 Qb7 45. Kg1 Rf6 46. Qf2 Qb5 47.
Qd4 Ra6 48. Qd2 Ra2 49. Re2 Kh7 50. Kf2 Qb6+ 51. Kf3 Qb5 52. Qc2 Qb7 53. f5 d4+
54. Kf2 dxc3 55. fxg6+ fxg6 56. Qxc3 Qb6+ 57. Kg2 Qb7+ 58. Kf2 Qb6+ 59. Kf3
Qb7+ 60. Kf2 1/2-1/2

[Event "WIECC 2009"]
[Site "St. Petersburg RUS"]
[Date "2009.03.19"]
[Round "11.4"]
[White "Rajlich, Iweta"]
[Black "Socko, Monika"]
[Result "1/2-1/2"]
[WhiteElo "2399"]
[BlackElo "2449"]
[PlyCount "132"]
[EventDate "2009.??.??"]

1. d4 Nf6 2. c4 e6 3. Nc3 Bb4 4. Qc2 c5 5. dxc5 O-O 6. Nf3 Na6 7. g3 Nxc5 8.
Bg2 Nfe4 9. Bf4 d6 10. Rd1 Qa5 11. Ng5 Nxg5 12. Bxg5 Na4 13. Bd2 Nxc3 14. Bxc3
Rd8 15. O-O Bxc3 16. Qxc3 Qc7 17. c5 d5 18. e4 dxe4 19. Qe5 Qe7 20. Rxd8+ Qxd8
21. Bxe4 f6 22. Qd6 Qxd6 23. cxd6 f5 24. Bg2 Bd7 25. Rc1 Rd8 26. Bxb7 Kf7 27.
f4 Be8 28. Rc7+ Kf8 29. Bc6 Rxd6 30. Bxe8 Kxe8 31. Rxa7 Rd1+ 32. Kf2 Rd2+ 33.
Ke3 Rxb2 34. a4 Rxh2 35. Rxg7 Ra2 36. Ra7 Ra3+ 37. Kd4 h5 38. Ke5 Rxg3 39. Kxe6
Re3+ 40. Kxf5 h4 41. Kf6 Rd3 42. f5 Rd7 43. Ra8+ Rd8 44. Ra6 h3 45. Kg5 Kf7 46.
Ra7+ Kg8 47. Kg6 h2 48. Rg7+ Kf8 49. Rh7 Rd2 50. Kf6 Kg8 51. Rh3 Ra2 52. Rg3+
Kf8 53. Rh3 Kg8 54. Rg3+ Kf8 55. Rc3 Kg8 56. Rh3 Rxa4 57. Rxh2 Ra6+ 58. Kg5 Kg7
59. Rb2 Kf7 60. Rb5 Kg7 61. Rb7+ Kf8 62. Rc7 Rb6 63. Rh7 Kg8 64. Rh6 Rxh6 65.
Kxh6 Kf7 66. Kh5 Kf6 1/2-1/2

[Event "WIECC 2009"]
[Site "St. Petersburg RUS"]
[Date "2009.03.19"]
[Round "11.12"]
[White "Dworakowska, Joanna"]
[Black "Gaponenko, Inna"]
[Result "1/2-1/2"]
[WhiteElo "2352"]
[BlackElo "2450"]
[PlyCount "104"]
[EventDate "2009.??.??"]

1. e4 c5 2. Nf3 d6 3. Bc4 Nf6 4. d3 e6 5. c3 Be7 6. Bb3 O-O 7. O-O b6 8. Nbd2
Bb7 9. Re1 Nc6 10. Nf1 Rc8 11. h3 Ne5 12. Bc2 Nxf3+ 13. Qxf3 Nd7 14. Qe2 d5 15.
exd5 Bxd5 16. Ne3 Ba8 17. Ng4 Bh4 18. Bf4 h5 19. Nh2 g6 20. Rad1 Bg5 21. Bd6
Be7 22. Bf4 Bg5 23. Bd6 Be7 24. Bxe7 Qxe7 25. d4 Nf6 26. Nf3 Rfd8 27. dxc5 Bxf3
28. Qxf3 Rxc5 29. Rxd8+ Qxd8 30. b4 Rd5 31. c4 Rd2 32. Bb3 Kg7 33. c5 bxc5 34.
bxc5 Qc7 35. Rc1 a5 36. Rc4 Nd5 37. c6 a4 38. Rxa4 Qxc6 39. Ra7 Qe8 40. Qe4 Qb8
41. Rd7 Nc3 42. Qxe6 Ne2+ 43. Kf1 Ng3+ 44. Kg1 Ne2+ 45. Kh1 Rxd7 46. Qxd7 Qf4
47. f3 Ng3+ 48. Kg1 Qe3+ 49. Kh2 Nf1+ 50. Kh1 Ng3+ 51. Kh2 Nf1+ 52. Kh1 Ng3+
1/2-1/2

[Event "WIECC 2009"]
[Site "St. Petersburg RUS"]
[Date "2009.03.19"]
[Round "11.24"]
[White "Manakova, Maria"]
[Black "Majdan, Joanna"]
[Result "0-1"]
[WhiteElo "2299"]
[BlackElo "2351"]
[PlyCount "82"]
[EventDate "2009.??.??"]

1. e4 c5 2. f4 d5 3. exd5 Qxd5 4. Nc3 Qd8 5. Nf3 Nf6 6. Bb5+ Bd7 7. Qe2 a6 8.
Bxd7+ Nbxd7 9. O-O g6 10. Ne4 Nxe4 11. Qxe4 Qc7 12. Re1 Nf6 13. Qe5 Qxe5 14.
fxe5 Nd5 15. d3 Bg7 16. Bg5 O-O 17. a3 f6 18. Bh4 Rac8 19. Rad1 g5 20. exf6
exf6 21. Bf2 Rfd8 22. g3 Kf7 23. c4 Ne7 24. b4 cxb4 25. axb4 Nc6 26. Bb6 Rd7
27. b5 axb5 28. cxb5 Nb4 29. d4 Nd5 30. Ba5 Ra8 31. Ra1 b6 32. Bd2 Rda7 33.
Rxa7+ Rxa7 34. g4 Ra3 35. Rf1 Ke6 36. Kf2 Rb3 37. h4 h5 38. gxh5 g4 39. Ne1 Rb2
40. Kg3 Rxd2 41. Kxg4 Ne3+ 0-1